Open Data Biblioteca Nacional de Portugal


República Portuguesa: Ministério da Cultura
Biblioteca Nacional de Portugal

Catálogo da BNP: acesso por Identificadores Unívocos
Registos Bibliográficos associados ao registo de autoridade

Etiqueta de registo: 00000nkm 2200025 450
001 2275096
003 http://id.bnportugal.gov.pt/bib/catbnp/2275096
100 ## $a20260303d1988 m y0pory01030103ba
101 0# $apor
102 ## $aPT
200 1# $aI Feira de Artesanato e Feira Anual das Cerejas, 16 a 20 de junho-88$bVisual gráfico]$fCâmara Municipal de Alfândega da Fé
210 #9 $aAlfândega da Fé$cCâmara Municipal de Alfândega da Fé,$d1988$eBragança:$gEscola Tipográfica)
215 ## $a1 cartaz$ccolor.$d42x30 cm
317 ## $aColeção Madeira Luís
710 02 $aFeira de Artesanato e Feira Anual das Cerejas,$d1,$f1988$31993977
712 01 $aAlfândega da Fé.$bCâmara Municipal$329188
801 #0 $aPT$bBN$gRPC
966 ## $lBN$mICONOG$sCT. 15339 V.$x3
971 ## $cCaticonografia3$d20260303
995 ## $aPRR2026

OpendataBNP@bnportugal.pt | Mais informação sobre acesso aos dados BNP